<A> guide to active english conversation

Gespeichert in:
Bibliographische Detailangaben
1. Verfasser: Tryml, Sergej
Format: Buch
Sprache:Englisch
Tschechisch
Veröffentlicht: Praha EKOPRESS 2002
Ausgabe:1. vyd.
Schlagworte:
Tags: Tag hinzufügen
Keine Tags, Fügen Sie das erste Tag hinzu!

MARC

LEADER 00000nam a2200000 4500
001 0168474
005 20240315114447.7
020 |a 80-86119-53-X 
041 0 |a eng 
041 0 |a cze 
044 |a CZ 
245 1 0 |a <A> guide to active english conversation  |c Sergej Tryml 
250 |a 1. vyd. 
264 1 |a Praha  |b EKOPRESS  |c 2002 
300 |a 742 s. 
610 2 0 |a konverzácia 
610 2 0 |a terminológia 
610 2 0 |a jazyky cudzie 
100 1 |a Tryml, Sergej